| 000 | 00739cab a2200229 4500 | ||
|---|---|---|---|
| 001 | ABS58572 | ||
| 008 | 090401t1998 xxu||||| |||| 00| 0 eng d | ||
| 035 | _a(Sirsi) u85559 | ||
| 041 | _aeng | ||
| 100 | _aGniadkowski, S. | ||
| 245 | _aForward funding - a traditional approach to financing property development | ||
| 260 | _c1998 | ||
| 350 | _a0 | ||
| 490 |
_aPFI Intelligence Bulletin _v3(2) March 1998, 18-19(2) |
||
| 520 | _aExplains forward funding, as a way of investing in a development project. Looking at advantages and disadvantages. | ||
| 650 | _aDEVELOPMENT PROJECTS | ||
| 650 | _aFINANCING | ||
| 650 | _aFORWARD FUNDING | ||
| 690 | _aPROPERTY-PROPERTY FINANCE AND INVESTMENT | ||
| 942 | _n0 | ||
| 948 | _c14/04/1998 | ||
| 999 |
_c53801 _d53801 |
||